000 00949nam a2200181Ia 4500
008 090630s9999 xx 000 0 und d
082 _b23734
100 _aबट्रॉड रसेल अनु. दिक्षति कमलाकर.
245 _aविज्ञानाचा समाजधारणेवरील परिणाम.
_cबट्रॉड रसेल अनु. दिक्षति कमलाकर.
260 _bमेहता.
_c2005
300 _a127
600 _aबट्रॉड रसेल अनु. दिक्षति कमलाकर.
630 _aविज्ञानाचा समाजधारणेवरील परिणाम.
655 _aइतर.
700 _aबट्रॉड रसेल अनु. दिक्षति कमलाकर.
730 _aविज्ञानाचा समाजधारणेवरील परिणाम.
942 _cBOOK
999 _c275590
_d275590